000 00343nam a22001337a 4500
999 _c13730
_d13730
020 _a9789698296285
082 _a658.3
100 _aKamal, Raza
245 _aTextbook of Human Resource Management in Industries of Pakistan
250 _a2nd Edition
260 _aLahore
_bIbrahim Publishers
_c2020
300 _axxii, 298 pages
942 _cBK